000 01870nad a2200445 a 4500
001 MIU01000000000000012353903
003 MiU
005 20231010141512.0
007 cr mnummmmuuuu
008 080626s2009 nju sb 001 0 eng d
024 7 _a2027/heb31282
_2hdl
040 _aNyNyACL
_cNyNyACL
090 _aKF228.A653
_b(INTERNET)
100 1 _aSullivan, Winnifred Fallers,
_d1950-
_950304
245 1 0 _aPrison religion
_h[electronic resource] :
_bfaith-based reform and the constitution /
_cWinnifred Fallers Sullivan.
300 _ax, 305 p. ;
_c24 cm.
504 _aIncludes bibliographical references (p. [273]-291) and index.
505 0 _aThe God pod -- A prison like no other -- Biblical justice -- The way we live now -- Beyond church and state.
610 2 0 _aAmericans United for Separation of Church and State
_vTrials, litigation, etc.
_950305
610 2 0 _aInnerChange Freedom Initiative
_vTrials, litigation, etc.
_950306
610 2 0 _aPrison Fellowship
_vTrials, litigation, etc.
_950307
650 0 _xLaw and legislation
_zUnited States
_vCases.
_950308
650 0 _zUnited States
_vCases.
_950309
650 0 _xRehabilitation
_zIowa.
_950310
651 0 _aIowa
_vTrials, litigation, etc.
_950311
830 0 _aACLS Fellows’ publications.
_950312
830 0 _aACLS Humanities E-Book.
_950313
856 4 0 _zVolltext
_uhttps://hdl.handle.net/2027/heb31282
942 _cEB
500 _aE-Book-ACLS / Zugriff nur im DHI-Lesesaal
653 _aReligious work with prisoners
653 _aChurch and state
653 _aCriminals
336 _2rdacontent
_btxt
_aText
337 _2rdamedia
_bbc
_aComputermedien
338 _2rdacarrier
_bcr
_aOnline Ressource
264 _aPrinceton :
_bPrinceton University Press,
_cc2009.
041 _aeng
500 _aAmerican Council of Learned Societies/ https://www.humanitiesebook.org/about/
999 _c68144
_d68144